000
00313nam a2200133Ia 4500
008
150201s2007 xx 000 0 und d
082
_a
616.1
_b
U07A
100
_a
AHUJA,IS
245
_a
UNDERSTANDING ECG
250
_a
1ST
260
_b
PEEPEE
_a
DELHI
_c
2007
650
_a
MEDICINE AND DIAGNOSIS
942
_2
ddc
_c
BK
_0
6
999
_c
680
_d
680